000 00547nam a2200205 a 4500
001 19361
003 CO-ViMGA
008 141112s2004 ck r 000 u spa d
020 _a8426113893
040 _aCO-ViMGA
_bspa
_cCO-ViMGA
082 0 4 _aHERt1
100 1 _aHerge,
_927813
245 1 0 _aTintin y los "Picaros"
260 _aBarcelona :
_bEd. Juventud; 1999
300 _a62 p.
490 _aLas aventuras de Tintin
650 1 4 _aCUENTOS INFANTILES DE AVENTURAS
_927814
650 1 4 _aTIRAS COMICAS - HISTORIETAS
_927815
942 _2ddc
_cBK
999 _c28518
_d28518